01629 2200313 4500001002100000005001500021035002000036007000300056008004100059020002200100082001100122084001700133100003100150245006800181250001400249300004400263650001700307505015100324520001800475520066300493264004101156336002101197337003001218338002301248990001101271990001101282990001101293990001101304INLIS00000000002167820230918111541 a0010-0923000003ta230918 g 0 ind  a978-602-19081-4-3 a582.12 a582.12 FAI s0 aFaisal M. SakriePengarang1 a1001 Khasiat dan Manfaat Jamu Godog Untuk Segala Macam Penyakit aCetakan 2 aviii + 82 halaman :bIlustrasi ;c19 cm 4aTanaman Obat a1. Dahsyatnya Khasiat Jamu 2. Cara Mambuat dan Mengonsumsi Jamu 3. bahan-bahan Dasar Jamu 4. Mengenal Jamu Godog 5.Aneka Ramuan Jamu Godog a77-78 halaman aBuku ini memberikan informasi yang lengkap, runtut, dan praktis mengenai jamu godog. Di dalam buku ini Anda akan memperoleh penjelasan mengenai dahsyatnya khasiat jamu, cara membuat dan mengonsumsi jamu, bahan-bahan dasar pembuatan jamu, menyiapkan bahan jamu godog, cara merebus ramuan jamu godog dan aneka resep atau racikan jamu godog. Lengkapnya isi buku ini adalah keunggulan yang dapat membuat Anda tertarik untuk mengenal, meracik dan mengonsumsi sendiri ramuan jamu godog yang aman serta sehat Ini adalah buku penting yang sangat informatif untuk mendukung pencegahan dan pengobatan atas penyakit-penyakit yang diatasi secara tepat dengan jamu godog. aYogyakarta :bDiandra Kreatif,c2020 2rdacontentaTeks 2rdamediaaTanpa Perantara 2rdacarrieraLembar a075649 a075648 a067803 a067802